Ekstraklasa 2022/2023 - Statystyki

Ogólne statystyki
  • Ten quiz został rozwiązany 34 razy
  • Średni wynik to 13 z 18
Statystyki odpowiedzi
Odpowiedź % Poprawnych
Legia Warszawa
96%
Lech Poznań
93%
Lechia Gdańsk
89%
Raków Częstochowa
89%
Wisła Płock
89%
Śląsk Wrocław
85%
Cracovia Kraków
78%
Jagiellonia Białystok
74%
Pogoń Szczecin
74%
Widzew Łódź
74%
Zagłębie Lubin
70%
Korona Kielce
67%
Warta Poznań
67%
Miedź Legnica
63%
Górnik Zabrze
59%
Radomiak Radom
59%
Stal Mielec
59%
Piast Gliwice
52%
Nie znaleziono quizów pasujących do podanych kryteriów
Rozkład punktacji
Procent ludzi z każdym wynikiem
Percentyl według liczby udzielonych odpowiedzi
Twoja historia wyników
Nie rozwiązałeś tego quizu